Pokemon in the USUM Pokedex - Statistics

General Stats
  • This quiz has been taken 91 times
    88 since last reset
  • The average score is 344 of 403
Answer Stats
Type Pokemon % Correct
Grass/Flying Rowlet
100%
Water Brionne
97%
Grass/Flying Dartrix
97%
Grass/Ghost Decidueye
97%
Fire/Dark Incineroar
97%
Fire Litten
97%
Water Popplio
97%
Water/Fairy Primarina
97%
Fire Torracat
97%
Bug/Flying Butterfree
93%
Bug Caterpie
93%
Bug Metapod
93%
Bug/Fighting Pheromosa
93%
Normal/Flying Pikipek
93%
Dark/Normal Raticate
93%
Dark/Normal Rattata
93%
Dark/Ghost Sableye
93%
Normal/Flying Toucannon
93%
Normal/Flying Trumbeak
93%
Psychic Abra
90%
Rock/Bug Anorith
90%
Rock/Flying Archen
90%
Rock/Flying Archeops
90%
Rock/Bug Armaldo
90%
Dragon Bagon
90%
Rock/Steel Bastiodon
90%
Normal/Fighting Bewear
90%
Dark/Steel Bisharp
90%
Water/Psychic Bruxish
90%
Bug/Fighting Buzzwole
90%
Rock/Fairy Carbink
90%
Steel/Flying Celesteela
90%
Bug/Electric Charjabug
90%
Water/Electric Chinchou
90%
Water/Ice Cloyster
90%
Fighting/Ice Crabominable
90%
Fighting Crabrawler
90%
Rock Cranidos
90%
Poison/Flying Crobat
90%
Bug/Fairy Cutiefly
90%
Water/Ice Dewgong
90%
Ground/Steel Diglett
90%
Poison/Dragon Dragalge
90%
Dragon Dragonair
90%
Dragon/Flying Dragonite
90%
Normal/Dragon Drampa
90%
Dragon Dratini
90%
Ghost/Flying Drifblim
90%
Ghost/Flying Drifloon
90%
Ground/Steel Dugtrio
90%
Normal Eevee
90%
Psychic Espeon
90%
Grass/Psychic Exeggcute
90%
Grass/Dragon Exeggutor
90%
Fire Flareon
90%
Ground/Dragon Flygon
90%
Ice/Ghost Froslass
90%
Ghost/Poison Gastly
90%
Ghost/Poison Gengar
90%
Rock/Electric Geodude
90%
Ice Glaceon
90%
Ice Glalie
90%
Poison/Flying Golbat
90%
Rock/Electric Golem
90%
Dragon Goodra
90%
Dragon Goomy
90%
Rock/Electric Graveler
90%
Poison/Dark Grimer
90%
Bug Grubbin
90%
Normal Gumshoos
90%
Dark/Dragon Guzzlord
90%
Water/Flying Gyarados
90%
Ghost/Poison Haunter
90%
Fighting/Flying Hawlucha
90%
Dark/Flying Honchkrow
90%
Dark/Fire Houndoom
90%
Dark/Fire Houndour
90%
Normal/Fairy Igglybuff
90%
Dark/Psychic Inkay
90%
Dragon Jangmo-o
90%
Normal/Fairy Jigglypuff
90%
Electric Jolteon
90%
Ice/Psychic Jynx
90%
Rock/Water Kabuto
90%
Rock/Water Kabutops
90%
Grass/Steel Kartana
90%
Dragon/Fighting Kommo-o
90%
Ground/Dark Krokorok
90%
Ground/Dark Krookodile
90%
Water/Electric Lanturn
90%
Rock/Ground Larvitar
90%
Grass Leafeon
90%
Fire/Normal Litleo
90%
Psychic/Ghost Lunala
90%
Fire Magby
90%
Steel/Fairy Magearna
90%
Water Magikarp
90%
Fire Magmar
90%
Fire Magmortar
90%
Electric/Steel Magnemite
90%
Electric/Steel Magneton
90%
Electric/Steel Magnezone
90%
Dark/Psychic Malamar
90%
Poison/Water Mareanie
90%
Bug/Flying Masquerain
90%
Steel/Fairy Mawile
90%
Dark Meowth
90%
Ghost/Fairy Mimikyu
90%
Rock/Flying Minior
90%
Poison/Dark Muk
90%
Dark/Flying Murkrow
90%
Poison/Dragon Naganadel
90%
Psychic Necrozma
90%
Rock/Poison Nihilego
90%
Ice/Fairy Ninetales
90%
Flying/Dragon Noibat
90%
Flying/Dragon Noivern
90%
Rock/Water Omastar
90%
Fighting Pancham
90%
Fighting/Dark Pangoro
90%
Dark/Steel Pawniard
90%
Water/Flying Pelipper
90%
Dark Persian
90%
Ghost/Grass Phantump
90%
Electric Pichu
90%
Electric Pikachu
90%
Poison Poipole
90%
Water Poliwag
90%
Water Poliwhirl
90%
Water/Fighting Poliwrath
90%
Rock/Ground Pupitar
90%
Fire/Normal Pyroar
90%
Electric/Psychic Raichu
90%
Rock Rampardos
90%
Bug/Fairy Ribombee
90%
Dragon/Flying Salamence
90%
Ground/Dark Sandile
90%
Ice/Steel Sandshrew
90%
Ice/Steel Sandslash
90%
Bug/Steel Scizor
90%
Bug/Flying Scyther
90%
Water Seel
90%
Dragon Shelgon
90%
Water Shellder
90%
Rock/Steel Shieldon
90%
Steel/Flying Skarmory
90%
Poison/Water Skrelp
90%
Dragon Sliggoo
90%
Water/Psychic Slowbro
90%
Water/Psychic Slowking
90%
Water/Psychic Slowpoke
90%
Ice/Psychic Smoochum
90%
Dark/Ice Sneasel
90%
Ice Snorunt
90%
Psychic/Steel Solgaleo
90%
Bug/Water Surskit
90%
Fairy Sylveon
90%
Electric/Steel Togedemaru
90%
Poison/Water Toxapex
90%
Ground Trapinch
90%
Ghost/Grass Trevenant
90%
Rock/Dark Tyranitar
90%
Rock/Dragon Tyrantrum
90%
Rock/Dragon Tyrunt
90%
Dark Umbreon
90%
Ice Vanillish
90%
Ice Vanillite
90%
Ice Vanilluxe
90%
Water Vaporeon
90%
Ground/Dragon Vibrava
90%
Bug/Electric Vikavolt
90%
Ice Vulpix
90%
Dark/Ice Weavile
90%
Normal/Fairy Wigglytuff
90%
Water/Flying Wingull
90%
Electric Xurkitree
90%
Normal Yungoos
90%
Electric Zeraora
90%
Poison/Flying Zubat
90%
Rock/Flying Aerodactyl
87%
Psychic Alakazam
87%
Water/Bug Araquanid
87%
Poison Arbok
87%
Fire Arcanine
87%
Bug/Poison Ariados
87%
Rock/Ice Aurorus
87%
Ghost Banette
87%
Water/Ground Barboach
87%
Steel/Psychic Beldum
87%
Fire/Ghost Blacephalon
87%
Rock Boldore
87%
Water.Rock Carracosta
87%
Psychic Cosmoem
87%
Psychic Cosmog
87%
Rock/Grass Cradily
87%
Ground Cubone
87%
Electric/Fairy Dedenne
87%
Ice/Flying Delibird
87%
Water/Bug Dewpider
87%
Poison Ekans
87%
Electric/Flying Emolga
87%
Fairy Flabebe
87%
Fire/Flying Fletchinder
87%
Normal/Flying Fletchling
87%
Fairy Floette
87%
Fairy Florges
87%
Grass Fomantis
87%
Dragon/Ground Gabite
87%
Dragon/Ground Garchomp
87%
Dragon/Ground Gible
87%
Rock Gigalith
87%
Ground/Ghost Golett
87%
Ground/Ghost Golurk
87%
Fire Growlithe
87%
Dragon/Fighting Hakamo-o
87%
Fighting Hariyama
87%
Bug/Fighting Heracross
87%
Water/Ghost Jellicent
87%
Psychic Kadabra
87%
Bug/Flying Ledian
87%
Bug/Flying Ledyba
87%
Rock/Grass Lileep
87%
Fighing/Steel Lucario
87%
Grass Lurantis
87%
Fighting Machamp
87%
Fighting Machoke
87%
Fighting Machop
87%
Fighting Makuhita
87%
Water/Flying Mantine
87%
Water/Flying Mantyke
87%
Fire/Ghost Marowak
87%
Fighting/Ghost Marshadow
87%
Steel/Psychic Metagross
87%
Steel/Psychic Metang
87%
Rock/Water Omanyte
87%
Normal/Psychic Oranguru
87%
Flying/Varies Oricorio
87%
Ghost/Ground Palossand
87%
Bug/Grass Paras
87%
Bug/Grass Parasect
87%
Fighting Passimian
87%
Fighting Riolu
87%
Rock Roggenrola
87%
Poison/Fire Salandit
87%
Poison/Fire Salazzle
87%
Ghost/Ground Sandygast
87%
Dark/Fighting Scrafty
87%
Dark/Fighting Scraggy
87%
Water/Dark Sharpedo
87%
Grass/Fairy Shiinotic
87%
Ghost Shuppet
87%
Bug/Poison Spinarak
87%
Rock/Steel Stakataka
87%
Normal/Fighting Stufful
87%
Fire/Flying Talonflame
87%
Grass/Fairy Tapu Bulu
87%
Water/Fairy Tapu Fini
87%
Electric/Fairy Tapu Koko
87%
Psychic/Fairy Tapu Lele
87%
Normal Tauros
87%
Water/Poison Tentacool
87%
Water/Poison Tentacruel
87%
Water/Rock Tirtouga
87%
Grass/Flying Tropius
87%
Fire/Dragon Turtonator
87%
Water/Ground Whiscash
87%
Water Wishiwashi
87%
Dark Zoroark
87%
Dark Zorua
87%
Rock/Ice Amaura
83%
Electric Ampharos
83%
Ground/Psychic Baltoy
83%
Grass Bounsweet
83%
Water/Dark Carvanha
83%
Water Clauncher
83%
Water Clawitzer
83%
Ground/Psychic Claydol
83%
Fairy Clefable
83%
Fairy Clefairy
83%
Fairy Cleffa
83%
Water Corphish
83%
Water/Rock Corsola
83%
Grass/Fairy Cottonee
83%
Water/Dark Crawdaunt
83%
Ghost/Grass Dhelmise
83%
Electric Electrike
83%
Electric Flaaffy
83%
Water/Ghost Frillish
83%
Water Golduck
83%
Bug/Water Golisopod
83%
Normal Komala
83%
Water/Ice Lapras
83%
Bug/Fire Larvesta
83%
Rock Lycanroc
83%
Electric Manectric
83%
Electric Mareep
83%
Psychic/Fairy Mime Jr.
83%
Ghost Misdreavus
83%
Ghost Mismagius
83%
Grass/Fairy Morelull
83%
Psychic/Fairy Mr. Mime
83%
Psychic/Flying Natu
83%
Rock Nosepass
83%
Bug Pinsir
83%
Rock/Steel Probopass
83%
Water Psyduck
83%
Rock Rockruff
83%
Water/Psychic Starmie
83%
Water Staryu
83%
Grass Steenee
83%
Grass Tsareena
83%
Bug/Fire Volcarona
83%
Water Wailmer
83%
Water Wailord
83%
Grass/Fairy Whimsicott
83%
Bug/Water Wimpod
83%
Psychic/Flying Xatu
83%
Rock Bonsly
80%
Normal/Flying Braviary
80%
Fairy Comfey
80%
Psychic Drowzee
80%
Electric Electabuzz
80%
Electric Electivire
80%
Electric Elekid
80%
Normal Furfrou
80%
Water/Ground Gastrodon
80%
Fairy Granbull
80%
Normal Herdier
80%
Normal/Flying Hoothoot
80%
Psychic Hypno
80%
Steel/Fairy Klefki
80%
Grass Lilligant
80%
Normal Lillipup
80%
Water Luvdisc
80%
Dark/Flying Mandibuzz
80%
Fighting Mienfoo
80%
Fighting Mienshao
80%
Normal Miltank
80%
Normal/Flying Noctowl
80%
Water Octillery
80%
Grass Petilil
80%
Water Politoed
80%
Water Remoraid
80%
Normal/Flying Rufflet
80%
Water Shellos
80%
Fairy Snubbull
80%
Normal Stoutland
80%
Rock Sudowoodo
80%
Dark/Flying Vullaby
80%
Dragon/Ground Zygarde
80%
Normal Blissey
77%
Normal Buneary
77%
Normal Chansey
77%
Dragon Druddigon
77%
Normal/Flying Fearow
77%
Water Feebas
77%
Bug/Steel Forretress
77%
Poison Garbodor
77%
Water Goldeen
77%
Normal Happiny
77%
Normal Lopunny
77%
Water Milotic
77%
Ground Mudsdale
77%
Bug Pineco
77%
Normal Porygon
77%
Normal Porygon2
77%
Normal Porygon-Z
77%
Water/Rock Relicanth
77%
Water Seaking
77%
Normal Smeargle
77%
Normal/Flying Spearow
77%
Fire Torkoal
77%
Poison Trubbish
77%
Dark Absol
73%
Water Alomomola
73%
Water Basculin
73%
Psychic Beheeyem
73%
Normal Ditto
73%
Psychic Elgyem
73%
Fighting Mankey
73%
Ground Mudbray
73%
Normal Munchlax
73%
Fighting Primeape
73%
Normal Snorlax
73%
Normal Spinda
73%
Water Clamperl
70%
Water Finneon
70%
Water Gorebyss
70%
Water Huntail
70%
Normal Kangaskhan
70%
Normal Kecleon
70%
Water Lumineon
70%
Normal Castform
67%
Normal Dunsparce
67%
Water Pyukumuku
67%
Normal Silvally
67%
Normal Type: Null
67%
Normal Cinccino
60%
Normal Minccino
60%
Normal Lickilicky
50%
Normal Lickitung
50%
Normal Aipom
47%
Normal Ambipom
47%
No matching quizzes found
Score Distribution
Percent of People with Each Score
Percentile by Number Answered
Your Score History
You have not taken this quiz since the last reset